Engineering fluid Mechanics (Record no. 192235)

MARC details
000 -LEADER
fixed length control field 00494nam a2200205Ia 4500
008 - FIXED-LENGTH DATA ELEMENTS--GENERAL INFORMATION
fixed length control field 240823s9999||||xx |||||||||||||| ||und||
020 ## - INTERNATIONAL STANDARD BOOK NUMBER
International Standard Book Number 81-7224-780-X
082 ## - DEWEY DECIMAL CLASSIFICATION NUMBER
-- 620.106 N9
100 ## - MAIN ENTRY--PERSONAL NAME
Personal name Roberson J A
245 #0 - TITLE STATEMENT
Title Engineering fluid Mechanics
250 ## - EDITION STATEMENT
Edition statement iv
260 ## - PUBLICATION, DISTRIBUTION, ETC. (IMPRINT)
Date of publication, distribution, etc 1999
Name of publisher, distributor, etc "Jaico, Mumbai"
500 ## - GENERAL NOTE
General note YES
650 ## - SUBJECT ADDED ENTRY--TOPICAL TERM
Topical term or geographic name as entry element Fluid Mechanics
700 ## - ADDED ENTRY--PERSONAL NAME
Personal name Crowe C T
942 ## - ADDED ENTRY ELEMENTS (KOHA)
Item type Books
Holdings
Withdrawn status Lost status Damaged status Permanent location Current location Date acquired Source of acquisition Cost, normal purchase price Full call number Barcode Date last seen Koha item type
      CENTRAL LIBRARY, NOORUL ISLAM CENTRE FOR HIGHER EDUCATION CENTRAL LIBRARY, NOORUL ISLAM CENTRE FOR HIGHER EDUCATION 09/20/2012 World Book House Chennai 495.00 620.106 N9 44276 08/23/2024 Books
Visitors:
Copyright © 2024 Central Library NICHE.  All rights reserved.